00731nam a22002297a 45000050016000000080041000160100014000570200026000710200023000970350013001200370013001330400013001460820013001591000021001722450084001932600049002772700043003263000029003694900060003985000021004587000022004792010070908558.0100709t xxu||||| |||| 00| 0 eng d aENG-96372 a9780070680715c150.00 a007068071xc150.00 aEN-79905 bDBAD/PUB aDPLbEng a658.1524 aRamachandran, N, aHow to read a cash flow statement /cby N. Ramachandran [and] Ram Kumar Kakani aNew DelhibTata McGraw Hill Publishingc2010 a7, West Patel NagarbNew Delhie110008 a xii, 82 p.c24cm. (pbk) aTata McGraw-Hill professional: finance made easy series aIncludes index. aKakani, Ram Kumar